手游邦多利(梦想协奏曲:少女乐团派对)中实装乐队成员Band Members in Game BanG Dream - Statistics

General Stats
  • This quiz has been taken 18 times
  • The average score is 26 of 40
Answer Stats
答案 % Correct
户山香澄
92%
高松灯
92%
椎名立希
92%
牛込里美
85%
千早爱音
85%
长崎爽世
85%
要乐奈
85%
市谷有咲
77%
花园多惠
77%
弦卷心
77%
山吹纱绫
69%
美竹兰
69%
青叶摩卡
69%
丸山彩
69%
凑友希那
69%
冰川纱夜
69%
宇田川亚子
69%
仓田真白
69%
羽泽鸫
62%
上原绯玛丽
62%
宇田川巴
62%
冰川日菜
62%
白鹭千圣
62%
今井莉莎
62%
奥泽美咲/米歇尔
62%
北泽育美
62%
二叶筑紫
62%
朝日六花/LOCK
62%
若宫伊芙
54%
大和麻弥
54%
白金燐子
54%
濑田薰
54%
松原花音
54%
珠手知由/CHU²
54%
和奏瑞依/LAYER
54%
佐藤益木/MASKING
54%
鳰原令王那/PAREO
54%
桐谷透子
46%
广町七深
46%
八潮瑠唯
46%
No matching quizzes found
Score Distribution
Percent of People with Each Score
Percentile by Number Answered
Your Score History
You have not taken this quiz